The futurists
Guardado en:
| Autor principal: | |
|---|---|
| Formato: | Libro |
| Lenguaje: | Undetermined |
| Publicado: |
New York
Random House
1972
|
| Materias: | |
| Etiquetas: |
Agregar Etiqueta
Sin Etiquetas, Sea el primero en etiquetar este registro!
|
| Thư viện lưu trữ: | Trung tâm Học liệu Trường Đại học Cần Thơ |
|---|
| LEADER | 00496nam a2200193Ia 4500 | ||
|---|---|---|---|
| 001 | CTU_84383 | ||
| 008 | 210402s9999 xx 000 0 und d | ||
| 082 | |a 901.9 | ||
| 082 | |b T644 | ||
| 100 | |a Toffler, Alvin | ||
| 245 | 4 | |a The futurists | |
| 245 | 0 | |c Alvin Toffler | |
| 260 | |a New York | ||
| 260 | |b Random House | ||
| 260 | |c 1972 | ||
| 650 | |a Forecasting | ||
| 650 | |x Addresses, essays, lectures | ||
| 904 | |i Qhieu(sửa) | ||
| 980 | |a Trung tâm Học liệu Trường Đại học Cần Thơ | ||